16 nouvelles etudes, oeuvre 81 pour le piano-forte /

Hlavní autor: Cramer, Johann Baptist, 1771-1858
Jazyk: Nelze použít, není lingvistický obsah
Vydáno: Vienne : Chez Tobie Haslinger, Marchand de Musique etc. de la Cour I. et R. Graben No. 618, [1840?]
Témata:
Fyzický popis: 45 s. ; 33 cm
Hudebniny Hudebniny
Uloženo v:
LEADER 01466ncm a2200409 a 4500
001 001277314
003 CZ BrMZK
005 20140908125814.0
007 qu
008 130204s1840 au stz g nn zxx d
040 |a BOA001  |b cze 
043 |a e-gx--- 
045 |a v-w- 
048 |a ka01 
072 7 |a 786  |x Hudba pro klávesové nástroje  |2 Konspekt  |9 9 
080 |a 78.083.7  |2 MRF 
080 |a 786.2.083.7  |2 MRF 
080 |a 78.089.6  |2 MRF 
080 |a (0.068)78  |2 MRF 
100 1 |a Cramer, Johann Baptist,  |d 1771-1858  |7 ola2002159030  |4 cmp 
245 1 0 |a 16 nouvelles etudes, oeuvre 81  |h [hudebnina] :  |b pour le piano-forte /  |c composées par J.B. Cramer 
260 |a Vienne :  |b Chez Tobie Haslinger, Marchand de Musique etc. de la Cour I. et R. Graben No. 618,  |c [1840?] 
300 |a 45 s. ;  |c 33 cm 
500 |a Tisk vtlačenou plotnou č. T. H. 4142 
501 |a Přívazek 1 k: Études pour le piano-forte / par J.B. Cramer 
567 8 |a Je možné doplnit incipity 
648 7 |a 18.-19. století  |7 ch757018 
650 0 7 |a etudy  |7 ph463420  |z Německo  |y 18.-19. stol.  |2 czenas 
650 0 7 |a etudy (klavír)  |7 ph315409  |2 czenas 
655 7 |a partitury pro sólový nástroj  |7 fd201979  |2 czenas 
655 7 |a hudební staré tisky  |2 czenas 
910 |a BOA001  |b STMus4-0217.404,přív. 1 
978 |a Haslinger  |b Tobias  |c Wien  |f 1840 
984 |a Vídeň  |b Rakousko 
990 |a MU 
993 |a Y 
994 |a UP  |l MZK01  |b 001277299  |m přívazek 1  |n záznam 1. díla